• 首页
  • 本馆介绍
  • 公告通知
  • 最新文献
  • 馆藏检索
  • 电子资源
  • 读者导购
  • 参考咨询
  • 我的图书馆
  • 登录
  • 详细信息显示
  • 放入我的书架
  • 预约/预借图书
  • 作者相关作品
  • 分类相关作品
  • 丛书相关作品
  • 出版社相关作品

书目信息

  • 表格格式
  • 工作单格式
  • 卡片格式
题名:
唐山统计年鉴
    
 
作者: ;唐山市统计局 编
分册: 总第12期  
出版信息: 北京   中国统计出版社  2003
页数: 614页
开本: 28cm
丛书名:
单 册:
中图分类: C832.223-54
科图分类:
主题词: 统计资料--世界
电子资源:
ISBN: 7-5037-4140-6
000 00639nam0 2200205 450
001 0655477843
005 20061029152823.14
010    @a7-5037-4140-6@b精装@dCNY120.00
100    @a20061029d2003 km y0chiy0120 ea
101 0  @achi
102    @aCN@b110000
200 1  @a唐山统计年鉴@Atang shan tong ji nian jian@e2003@h总第12期@f唐山市统计局编@Ftang shan shi tong ji ju bian
210    @a北京@c中国统计出版社@d2003
215    @a614页@d28cm
517 1  @a2003
606 0  @a统计资料@x世界
690    @aC832.223-54@v3
711  0 @a唐山市统计局@Atang shan shi tong ji ju@4编
801  0 @aCN@bPFT@c20061029
905    @a10447@dC832.223-54@e52(2003)
    
    唐山统计年鉴:2003.总第12期/唐山市统计局编.-北京:中国统计出版社,2003
    614页;28cm
    
    
    ISBN 7-5037-4140-6(精装):CNY120.00
    
●
相关链接 在E读中查询图书 在五车中查询图书 在当当中查询图书 在豆瓣中查询图书


正题名:唐山统计年鉴     索取号:C832.223-54/52(2003)         预约/预借

序号 登录号 条形码 馆藏地/架位号 状态 备注
1 0388946   203889462   第一样本阅览室/ [索取号:C832.223-54/52(2003)] 在馆    
2 0388947   203889471   工具书阅览室/ [索取号:C832.223-54/52(2003)] 在馆    
唐山师范学院图书馆 欢迎您!
大连网信软件有限公司© 版权所有